Club Premier League Manager of the Season - Statistics

Statistiche generali
  • Questo quiz è stato fatto 3 volte
  • Il punteggio medio è 8 su 11
Statistiche sulle risposte
Numero allenatori Numero titoli Squadra % Corretto
1 3 Arsenal
100%
2 4 Chelsea
100%
1 2 Liverpool
100%
1 5 Manchester City
100%
1 11 Manchester United
100%
1 1 Tottenham
100%
1 1 Leicester City
67%
1 1 Blackburn Rovers
33%
1 1 Crystal Palace
33%
1 1 Newcastle United
33%
1 1 Ipswich Town
0%
Nessun quiz corrispondente trovato
Distribuzione punteggi
Percentuale di utenti per punteggio
Percentile per numero di risposta
I tuoi punteggi nel tempo
Non hai fatto questo quiz